| 000 | 01100cam a2200301 4500 | ||
|---|---|---|---|
| 008 | 000000n1999 000 0 eng u | ||
| 020 | _a1872534511 | ||
| 035 | _a(Sirsi) u101075 | ||
| 050 | _a333.33025 | ||
| 245 | _aTuckers' directory of the surveyors & UK property 500 : the definitive client guide to UK property market - 2000 edition. | ||
| 250 | _a6th ed. | ||
| 260 |
_aManchester _bStylewell Ltd _c1999 |
||
| 300 | _axviii,918p. ; 24cm. | ||
| 350 | _a89.95 | ||
| 520 | _aExpanded edition to include A-Z listings of other property professions such as recruitment agencies, architects practices, accountancy firms and property finance organisations. SUPERSEDED BY 7TH ED (ISBN 1872534562) | ||
| 650 | _aBARRISTERS | ||
| 650 | _aABOUT RICS-RICS MEMBERS | ||
| 650 | _aDIRECTORIES | ||
| 650 | _aPROPERTY LAW | ||
| 650 | _aSOLICITORS | ||
| 650 | _aSURVEYORS 500 | ||
| 650 | _aTUCKERS DIRECTORY | ||
| 650 | _aARCHITECTS | ||
| 650 | _aRECRUITMENT CONSULTANTS | ||
| 650 | _aINSURANCE COMPANIES | ||
| 690 | _aMANAGEMENT-BUSINESS MANAGEMENT-PROFESSIONAL PRACTICE | ||
| 942 | _n0 | ||
| 999 |
_c100009 _d100009 |
||